000
00267nam a22001097a 4500
008
170112b xxu||||| |||| 00| 0 eng d
020
_a
9780132404006
041
_a
eng
080
_a
618.2
245
_a
COMMUNITY ASSESSMENT REFERENCE GUIDE
_c
CLARK, M.J
942
_2
udc
_c
BK
999
_c
2800
_d
2800